00463nam a2200169Ia 4500008004100000020001800041041000800059082001600067100002200083245006300105250000600168260004600174300000800220365001200228650002300240650003000263140306s9999 xx 000 0 und d a0 521 36202 4 aeng a337bSAN/IN aSanthosh Mehrotra aIndia and the soviet union : trade and technology transfer a1 aNew DelhibOxford University Pressc 1991 a242 bRs .310 abilateral payments aSoviet economic relations